[Event "53o Festival Citta' di Torino - Open A"]
[Site "Torino ITA"]
[Date "2024.01.05"]
[Round "6.2"]
[White "BETTALLI, Francesco"]
[Black "BIFULCO, Michel"]
[Result "1/2-1/2"]
[WhiteElo "2271"]
[BlackElo "2251"]
[PlyCount "40"]
[EventDate "2024.01.02"]

1. e4 c5 2. Nf3 Nc6 3. d4 cxd4 4. Nxd4 Nf6 5. Nc3 e5 6. Ndb5 d6 7. Bg5 a6 8.
Na3 b5 9. Bxf6 gxf6 10. Nd5 f5 11. Bd3 Be6 12. c3 Bg7 13. Qh5 O-O 14. exf5 Bxd5
15. f6 e4 16. fxg7 Re8 17. Be2 Re5 18. Qh6 Rg5 19. O-O Ne5 20. Rad1 Nd3 1/2-1/2

[Event "53o Festival Citta' di Torino - Open A"]
[Site "Torino ITA"]
[Date "2024.01.05"]
[Round "6.3"]
[White "FAVALORO, Andrea"]
[Black "COLLUTIIS, Duilio"]
[Result "1-0"]
[WhiteElo "2411"]
[BlackElo "2344"]
[PlyCount "59"]
[EventDate "2024.01.02"]

1. Nf3 Nf6 2. g3 g6 3. Bg2 Bg7 4. d4 d6 5. c4 O-O 6. Nc3 Nbd7 7. O-O e5 8. e4
c6 9. b3 Qb6 10. Rb1 a5 11. h3 Re8 12. Be3 exd4 13. Nxd4 Nc5 14. Qc2 Nfd7 15.
Rfd1 Qb4 16. a3 Qxa3 17. Ncb5 cxb5 18. Nxb5 Qb4 19. Bd2 Qxb5 20. cxb5 Nf6 21.
Bc3 Be6 22. Qb2 Nh5 23. Bxg7 Nxg7 24. Rxd6 Rec8 25. Qa3 Ne8 26. Rdd1 a4 27.
bxa4 Rxa4 28. Qe3 b6 29. e5 Ng7 30. Qg5 1-0

[Event "53o Festival Citta' di Torino - Open A"]
[Site "Torino ITA"]
[Date "2024.01.05"]
[Round "6.4"]
[White "PISCOPO, Pierluigi"]
[Black "Petritaj, Ferdinando"]
[Result "1-0"]
[WhiteElo "2319"]
[BlackElo "2176"]
[PlyCount "111"]
[EventDate "2024.01.02"]

1. d4 Nf6 2. c4 e6 3. Nc3 Bb4 4. e3 c5 5. Bd3 d5 6. cxd5 Nxd5 7. Nge2 cxd4 8.
exd4 O-O 9. O-O Nc6 10. Bc2 Be7 11. Qd3 g6 12. a3 Nxc3 13. bxc3 Bf6 14. Bh6 Bg7
15. Bxg7 Kxg7 16. Qg3 b6 17. Rfe1 Ba6 18. Nf4 Bc4 19. h4 Kh8 20. Nh3 Rc8 21.
Qf4 f5 22. Qh6 Qd7 23. Nf4 Rg8 24. Rad1 Nd8 25. Qg5 Qg7 26. Qg3 Qf6 27. Bd3 Bb3
28. Ba6 Rc7 29. Rd2 g5 30. Nh5 f4 31. Nxf6 fxg3 32. Nxg8 Kxg8 33. c4 gxh4 34.
fxg3 hxg3 35. Re3 Ba4 36. Rxg3+ Kf7 37. Rf2+ Ke7 38. Rg7+ Kd6 39. Rxc7 Kxc7 40.
Rf4 Bc2 41. Kf2 Bg6 42. Ke3 Kd6 43. Bb5 Nb7 44. Rf8 Kc7 45. Rg8 Nd6 46. Rg7+
Kb8 47. g4 a5 48. Ba6 Nf7 49. c5 bxc5 50. dxc5 Nh6 51. c6 Nf7 52. Bd3 Bxd3 53.
Rxf7 Bg6 54. Rb7+ Kc8 55. Kd4 h5 56. Rg7 1-0

[Event "53o Festival Citta' di Torino - Open A"]
[Site "Torino ITA"]
[Date "2024.01.05"]
[Round "6.5"]
[White "MADIAI, Federico"]
[Black "YAO, Stefano"]
[Result "1/2-1/2"]
[WhiteElo "2172"]
[BlackElo "2306"]
[PlyCount "127"]
[EventDate "2024.01.02"]

1. e4 d5 2. exd5 Nf6 3. d4 Bg4 4. f3 Bf5 5. g4 Bg6 6. c4 e6 7. Nc3 c5 8. Nge2
exd5 9. g5 Nfd7 10. cxd5 Na6 11. a3 Bd6 12. Bg2 O-O 13. O-O Re8 14. Kh1 Nb6 15.
f4 Bh5 16. Qd3 c4 17. Qc2 Bxe2 18. Nxe2 Nc7 19. Nc3 Rc8 20. f5 Bf8 21. g6 f6
22. Qd1 Ncxd5 23. Qh5 h6 24. Qf3 Nxc3 25. bxc3 Rc7 26. a4 Rd7 27. Bd2 Nc8 28.
Rfe1 Nd6 29. Re6 Rde7 30. Rxe7 Rxe7 31. Qd5+ Kh8 32. Re1 Rxe1+ 33. Bxe1 Qd7 34.
Qe6 Qxe6 35. fxe6 Be7 36. Bg3 Kg8 37. Kg1 Kf8 38. Kf2 Ke8 39. Bf4 Bf8 40. h4 b6
41. h5 Kd8 42. Bd5 a6 43. Bc6 Ke7 44. Bd5 Kd8 45. Ke2 Ke7 46. Ke3 Nf5+ 47. Kd2
Nd6 48. Kc2 Kd8 49. Bc6 Ke7 50. d5 Kd8 51. Kd2 Nf5 52. Bb7 a5 53. Bc6 Bc5 54.
Ke2 Ba3 55. Kf3 Bd6 56. Bc1 Be5 57. Kg4 Ne7 58. Ba3 Bxc3 59. Bb5 Nxd5 60. Bf8
Ne7 61. Bxc4 Ke8 62. Bxe7 Kxe7 63. Kf5 Bb4 64. Ke4 1/2-1/2

[Event "53o Festival Citta' di Torino - Open A"]
[Site "Torino ITA"]
[Date "2024.01.05"]
[Round "6.6"]
[White "Pasini, Nicolo"]
[Black "TRIPODI, Enzo"]
[Result "0-1"]
[WhiteElo "2193"]
[BlackElo "2139"]
[PlyCount "104"]
[EventDate "2024.01.02"]

1. e4 c5 2. Nc3 a6 3. Nge2 d6 4. g3 Nc6 5. Bg2 g6 6. d4 cxd4 7. Nxd4 Bg7 8. Be3
Bd7 9. Nd5 Rc8 10. Nb5 Qa5+ 11. Nbc3 Bxc3+ 12. Nxc3 Nf6 13. h3 Ne5 14. O-O Nc4
15. Bc1 O-O 16. Re1 Na3 17. Re3 Nc4 18. Re2 Qh5 19. Re1 Qxd1 20. Nxd1 b5 21. b3
Ne5 22. f4 Nc6 23. c3 b4 24. Bd2 a5 25. a3 Be6 26. axb4 axb4 27. cxb4 Nd4 28.
Rc1 Nxb3 29. Rxc8 Rxc8 30. Bc3 Nc1 31. Bxf6 exf6 32. Ne3 Na2 33. Rb1 Rb8 34.
Nc2 Nc3 35. Ra1 Bb3 36. Ra3 Ne2+ 37. Kf2 Bxc2 38. Kxe2 Rxb4 39. Ke3 f5 40. e5
dxe5 41. fxe5 Be4 42. Bf3 Rb1 43. Rc3 Rb5 44. Kd4 Rd5+ 45. Ke3 Bxf3 46. Kxf3
Rxe5 47. Ra3 Kg7 48. Ra7 Rb5 49. Ra3 Rb4 50. h4 h5 51. Kg2 Rg4 52. Rf3 f4 0-1

[Event "53o Festival Citta' di Torino - Open A"]
[Site "Torino ITA"]
[Date "2024.01.05"]
[Round "6.7"]
[White "Lacan Rus, David"]
[Black "Lauda, Alexandr"]
[Result "1/2-1/2"]
[WhiteElo "2121"]
[BlackElo "2182"]
[PlyCount "69"]
[EventDate "2024.01.02"]

1. e4 e5 2. Bc4 Nc6 3. Nc3 g6 4. d3 Bg7 5. a3 h6 6. Nge2 Nge7 7. Ba2 d6 8. f4
Bg4 9. O-O O-O 10. Qe1 Nd4 11. Nxd4 exd4 12. Nd5 Nxd5 13. Bxd5 c6 14. Ba2 Be6
15. Bxe6 fxe6 16. Qg3 Kh7 17. Bd2 Qb6 18. Rab1 a5 19. Qg4 Qc5 20. Rbc1 d5 21.
f5 exf5 22. exf5 Rf6 23. Rf2 a4 24. Bb4 Qb6 25. Be7 gxf5 26. Qh5 Rg6 27. Qxf5
Qc7 28. Re1 Qc8 29. Bh4 Qxf5 30. Rxf5 Rf8 31. Rxf8 Bxf8 32. Be7 Bxe7 33. Rxe7+
Rg7 34. Re8 Rc7 35. Kf2 1/2-1/2

[Event "53o Festival Citta' di Torino - Open A"]
[Site "Torino ITA"]
[Date "2024.01.05"]
[Round "6.8"]
[White "Defromont, Benjamin"]
[Black "CENTAMORE, Alberto"]
[Result "1-0"]
[WhiteElo "2423"]
[BlackElo "2127"]
[PlyCount "127"]
[EventDate "2024.01.02"]

1. e4 c5 2. Nf3 Nc6 3. Bb5 e6 4. Ba4 Nge7 5. O-O a6 6. c4 Qb6 7. b4 Qxb4 8. Na3
Ng6 9. Rb1 Qa5 10. Bb2 Nd4 11. Bc3 Nxf3+ 12. Kh1 Qd8 13. Qxf3 b5 14. cxb5 axb5
15. Nxb5 Rxa4 16. Rfc1 e5 17. d4 exd4 18. Bxd4 Rxd4 19. Nxd4 cxd4 20. Rb8 Ne7
21. e5 Nc6 22. Rxc6 dxc6 23. Qxc6+ Bd7 24. Rxd8+ Kxd8 25. Qb6+ Ke8 26. Qxd4 Be7
27. a4 f6 28. a5 fxe5 29. Qd5 Kd8 30. Qxe5 Rf8 31. a6 Bc6 32. f3 g6 33. Qg7 Bc5
34. Qc3 Rf5 35. a7 Kc7 36. Qa5+ Bb6 37. a8=N+ Bxa8 38. Qxa8 Ra5 39. Qh8 Rd5 40.
g3 Rd7 41. Qe5+ Kc6 42. Kg2 Bd4 43. Qe6+ Kc7 44. h4 Bc5 45. Kh3 Bd6 46. Qc4+
Kd8 47. h5 Ke7 48. Qg8 Kf6 49. Qh8+ Ke6 50. hxg6 hxg6 51. Qe8+ Be7 52. Qxg6+
Bf6 53. f4 Rg7 54. Qe8+ Be7 55. g4 Kf6 56. g5+ Kf5 57. Qd7+ Kg6 58. Qe6+ Kh7
59. Kg4 Kh8 60. g6 Bd8 61. Qe8+ Rg8 62. Qf7 Rg7 63. Qf8+ Rg8 64. Qh6# 1-0

[Event "53o Festival Citta' di Torino - Open A"]
[Site "Torino ITA"]
[Date "2024.01.05"]
[Round "6.9"]
[White "Vela Frago, Alberto"]
[Black "ROTONDARO, Alberto"]
[Result "1/2-1/2"]
[WhiteElo "2310"]
[BlackElo "2056"]
[PlyCount "86"]
[EventDate "2024.01.02"]

1. c4 e6 2. Nf3 Nf6 3. g3 b6 4. Bg2 Bb7 5. b3 Be7 6. Bb2 O-O 7. O-O c5 8. e3 d5
9. Qe2 Nbd7 10. Nc3 dxc4 11. bxc4 Ne4 12. Nxe4 Bxe4 13. d3 Bb7 14. Rfd1 Bf6 15.
Ne1 Bxg2 16. Kxg2 Bxb2 17. Qxb2 Qf6 18. Qxf6 Nxf6 19. f4 Rfd8 20. Kf3 g6 21. a4
Rab8 22. Rdb1 h5 23. Ke2 Ng4 24. h3 Nh6 25. e4 Kg7 26. a5 Rd6 27. Rb5 Ng8 28.
Rab1 Ne7 29. Nf3 Rbd8 30. axb6 axb6 31. Ne1 Nc8 32. Ra1 R8d7 33. Rb3 Ra7 34.
Rxa7 Nxa7 35. e5 Rc6 36. d4 cxd4 37. Kd3 Nc8 38. Nf3 Rc5 39. Nxd4 Ra5 40. Nc6
Rc5 41. Nd4 Ra5 42. Nc2 Ra6 43. Nd4 Ra5 1/2-1/2

[Event "53o Festival Citta' di Torino - Open A"]
[Site "Torino ITA"]
[Date "2024.01.05"]
[Round "6.10"]
[White "MALDONADO GONZALES, Stefano"]
[Black "AGRESTA, Giulio"]
[Result "1-0"]
[WhiteElo "2166"]
[BlackElo "2029"]
[PlyCount "79"]
[EventDate "2024.01.02"]

1. e4 c5 2. Nf3 e6 3. d4 cxd4 4. Nxd4 Nf6 5. Nc3 Nc6 6. Ndb5 d6 7. Bf4 e5 8.
Bg5 a6 9. Na3 b5 10. Nab1 Be7 11. Bxf6 Bxf6 12. a4 bxa4 13. Rxa4 O-O 14. Bc4
Nd4 15. O-O Bg5 16. Nd5 Kh8 17. f4 Bh6 18. f5 f6 19. b4 Bb7 20. Kh1 Nb5 21. Qd3
Bc6 22. Ra2 Re8 23. Bxb5 Bxb5 24. c4 Bc6 25. Nbc3 Bb7 26. b5 axb5 27. Rxa8 Bxa8
28. Nxb5 Qb8 29. Ndc7 Rd8 30. Nxa8 Qxa8 31. Nxd6 Kg8 32. c5 Kf8 33. Qc4 Qa7 34.
c6 Qc7 35. Nb5 Qc8 36. c7 Rd7 37. Qc5+ Kg8 38. Ra1 g6 39. g3 Bf8 40. Qc6 1-0

[Event "53o Festival Citta' di Torino - Open A"]
[Site "Torino ITA"]
[Date "2024.01.05"]
[Round "6.11"]
[White "GIOSEFFI, Massimiliano"]
[Black "CAPPELLETTO, Joshuaede"]
[Result "0-1"]
[WhiteElo "2044"]
[BlackElo "2320"]
[PlyCount "106"]
[EventDate "2024.01.02"]

1. d4 e6 2. c4 b6 3. Nc3 Bb7 4. Nf3 Nf6 5. e3 d5 6. cxd5 exd5 7. Bd3 a6 8. Ne5
Bd6 9. f4 O-O 10. O-O c5 11. Qf3 Nc6 12. Bd2 cxd4 13. Nxc6 Bxc6 14. exd4 b5 15.
a3 Re8 16. Kh1 Ne4 17. Rad1 Qb6 18. Ne2 a5 19. f5 b4 20. Bf4 Ba4 21. Rb1 Bf8
22. Be3 Bb5 23. Nf4 Bxd3 24. Nxd3 Rac8 25. axb4 axb4 26. Nf4 Qb5 27. Rbc1 Nf6
28. Bg1 Rc4 29. Qd3 Qc6 30. Qd1 Bd6 31. Nd3 Ne4 32. Qg4 Nf6 33. Qf3 Qd7 34. b3
Rxc1 35. Rxc1 Ne4 36. Nc5 Qe7 37. Nxe4 dxe4 38. Qg4 Qd7 39. Re1 Qc6 40. f6 g6
41. Re3 Bf8 42. Qh4 Qd5 43. Rh3 h5 44. Rg3 Bh6 45. Re3 Bxe3 46. Bxe3 Qf5 47.
Kg1 Re6 48. Qg3 Qxf6 49. h4 Rd6 50. Kh2 Rxd4 51. Qb8+ Rd8 52. Qg3 Rd3 53. Qb8+
Qd8 0-1

[Event "53o Festival Citta' di Torino - Open A"]
[Site "Torino ITA"]
[Date "2024.01.05"]
[Round "6.12"]
[White "FAVITTA, Amedeo"]
[Black "LIZZUL COPPE, Mirko"]
[Result "1-0"]
[WhiteElo "2075"]
[BlackElo "2050"]
[PlyCount "67"]
[EventDate "2024.01.02"]

1. e4 c5 2. Nf3 d6 3. d4 cxd4 4. Qxd4 Nc6 5. Qe3 Nf6 6. Be2 g6 7. O-O Bg7 8.
Rd1 O-O 9. Nc3 Bd7 10. Nd5 Rc8 11. c3 Ng4 12. Qg5 Nge5 13. Nxe5 Bxe5 14. Qh4 e6
15. Qxd8 Rfxd8 16. Ne3 Be8 17. Nc4 b5 18. Nxe5 dxe5 19. Be3 Rxd1+ 20. Rxd1 a6
21. Rd6 Rd8 22. Rxd8 Nxd8 23. c4 Nb7 24. cxb5 axb5 25. f3 f6 26. Kf1 Kf7 27.
Ke1 Ke7 28. Kd2 Kd6 29. Kc3 Nc5 30. Kb4 Na6+ 31. Ka5 Nb8 32. Bxb5 Bf7 33. Kb6
f5 34. Bc5# 1-0

[Event "53o Festival Citta' di Torino - Open A"]
[Site "Torino ITA"]
[Date "2024.01.05"]
[Round "6.13"]
[White "VAIRO, Rocco Enrico"]
[Black "BERGERO, Simone"]
[Result "1-0"]
[WhiteElo "2060"]
[BlackElo "2008"]
[PlyCount "45"]
[EventDate "2024.01.02"]

1. e4 c5 2. Nf3 Nc6 3. c3 d5 4. exd5 Qxd5 5. d4 Bg4 6. Be2 e6 7. h3 Bh5 8. c4
Qd8 9. d5 Bxf3 10. Bxf3 Nd4 11. O-O Nxf3+ 12. Qxf3 exd5 13. Re1+ Be7 14. Nc3
Nf6 15. Bg5 Kf8 16. cxd5 Nxd5 17. Bxe7+ Nxe7 18. Qxb7 Nf5 19. Rad1 Nd4 20. b4
Qc8 21. Qe7+ Kg8 22. bxc5 Ne6 23. Rxe6 1-0

[Event "53o Festival Citta' di Torino - Open A"]
[Site "Torino ITA"]
[Date "2024.01.05"]
[Round "6.14"]
[White "GOLA, Giorgio"]
[Black "MONTORSI, Matteo"]
[Result "1/2-1/2"]
[WhiteElo "2090"]
[BlackElo "2162"]
[PlyCount "37"]
[EventDate "2024.01.02"]

1. d4 Nf6 2. c4 g6 3. Nc3 Bg7 4. e4 d6 5. h3 O-O 6. Be3 c5 7. Nf3 Qa5 8. Bd3
cxd4 9. Nxd4 Nc6 10. O-O Bd7 11. Rc1 Rfc8 12. b3 a6 13. Re1 b5 14. Qe2 Ne5 15.
Bb1 bxc4 16. f4 Nd3 17. Bxd3 cxd3 18. Qxd3 Bc6 19. Nxc6 1/2-1/2

[Event "53o Festival Citta' di Torino - Open A"]
[Site "Torino ITA"]
[Date "2024.01.05"]
[Round "6.15"]
[White "PACINI, Ermanno"]
[Black "GALLO, Ivan"]
[Result "1-0"]
[WhiteElo "2122"]
[BlackElo "2004"]
[PlyCount "61"]
[EventDate "2024.01.02"]

1. Nf3 Nf6 2. c4 e6 3. Nc3 d5 4. e3 c5 5. cxd5 exd5 6. d4 Bg4 7. Qa4+ Bd7 8.
Bb5 a6 9. Bxd7+ Qxd7 10. Qxd7+ Nbxd7 11. dxc5 Bxc5 12. Ke2 Rd8 13. Rd1 Nb8 14.
b3 Nc6 15. Bb2 O-O 16. Na4 Ba7 17. Rac1 Rfe8 18. Nc5 Ne4 19. Nxb7 Rc8 20. Nd2
Nxf2 21. Kxf2 Bxe3+ 22. Kf1 Re6 23. Na5 d4 24. Rxc6 Rcxc6 25. Nxc6 Rxc6 26. Nc4
f5 27. Bxd4 Bf4 28. Be5 Bg5 29. Rd7 Bh6 30. Rd6 Rxd6 31. Nxd6 1-0

[Event "53o Festival Citta' di Torino - Open A"]
[Site "Torino ITA"]
[Date "2024.01.05"]
[Round "6.16"]
[White "Mallet, Lionel"]
[Black "LO GATTO, Riccardo"]
[Result "1/2-1/2"]
[WhiteElo "2037"]
[BlackElo "2028"]
[PlyCount "83"]
[EventDate "2024.01.02"]

1. d4 Nf6 2. c4 e6 3. Nc3 Bb4 4. e3 O-O 5. Nge2 Re8 6. d5 a5 7. g3 exd5 8. cxd5
c6 9. a3 Bf8 10. Bg2 Na6 11. O-O Nc5 12. b3 Qb6 13. Nd4 Nce4 14. Nxe4 Nxe4 15.
Bb2 cxd5 16. Ne2 d6 17. Qxd5 Nc5 18. Nd4 Be6 19. Nxe6 fxe6 20. Qf3 Qxb3 21. Bd4
d5 22. Rfb1 Qa4 23. Bxc5 Bxc5 24. Rxb7 Rf8 25. Qe2 Rab8 26. Rxb8 Rxb8 27. Qa6
Re8 28. Bf1 Qc2 29. Qxa5 Rf8 30. Qe1 Qb2 31. Bh3 d4 32. Rb1 Qxa3 33. Bxe6+ Kh8
34. Ra1 dxe3 35. fxe3 Bxe3+ 36. Kh1 Qd3 37. Bh3 h6 38. Bg2 Rb8 39. Rd1 Qc2 40.
Ra1 Qd3 41. Rd1 Qc2 42. Ra1 1/2-1/2

[Event "53o Festival Citta' di Torino - Open A"]
[Site "Torino ITA"]
[Date "2024.01.06"]
[Round "7.1"]
[White "FAVALORO, Andrea"]
[Black "BETTALLI, Francesco"]
[Result "1/2-1/2"]
[WhiteElo "2411"]
[BlackElo "2271"]
[PlyCount "77"]
[EventDate "2024.01.02"]

1. e4 c5 2. Nf3 Nc6 3. Bb5 e6 4. O-O Nge7 5. Re1 a6 6. Bf1 d5 7. exd5 Nxd5 8.
d4 Nf6 9. Be3 cxd4 10. Nxd4 Nxd4 11. Qxd4 Nd5 12. Bh6 Qf6 13. Qxf6 Nxf6 14. Be3
Bd7 15. Nd2 Nd5 16. Bd4 Nb4 17. Rec1 Rc8 18. c4 f6 19. a3 Nc6 20. Be3 e5 21. b4
Ne7 22. c5 Nf5 23. Nc4 Be6 24. Bd3 g6 25. Be4 Bxc4 26. Bxf5 gxf5 27. Rxc4 f4
28. Bd2 Kd7 29. g3 fxg3 30. hxg3 Ke6 31. Kf1 f5 32. Ke2 Be7 33. Rac1 Kd5 34.
R4c2 h5 35. Bc3 h4 36. Rd1+ Ke6 37. gxh4 Rxh4 38. Rcd2 Re4+ 39. Kf3 1/2-1/2

[Event "53o Festival Citta' di Torino - Open A"]
[Site "Torino ITA"]
[Date "2024.01.06"]
[Round "7.2"]
[White "BARP, Alberto"]
[Black "PISCOPO, Pierluigi"]
[Result "1-0"]
[WhiteElo "2437"]
[BlackElo "2319"]
[PlyCount "47"]
[EventDate "2024.01.02"]

1. d4 Nf6 2. c4 g6 3. g3 Bg7 4. Bg2 c5 5. dxc5 Qa5+ 6. Nc3 Nc6 7. Bd2 Qxc5 8.
Rc1 Ne5 9. b4 Qb6 10. c5 Qd8 11. Nf3 Nxf3+ 12. Bxf3 O-O 13. O-O d6 14. Bf4 Bh3
15. Re1 dxc5 16. bxc5 Rc8 17. Qxd8 Rfxd8 18. Nb5 a6 19. Na7 Ra8 20. c6 Rxa7 21.
cxb7 e5 22. Bxe5 Nd7 23. Rc8 Rf8 24. Bd6 1-0

[Event "53o Festival Citta' di Torino - Open A"]
[Site "Torino ITA"]
[Date "2024.01.06"]
[Round "7.3"]
[White "TRIPODI, Enzo"]
[Black "GENOCCHIO, Daniele"]
[Result "0-1"]
[WhiteElo "2139"]
[BlackElo "2367"]
[PlyCount "76"]
[EventDate "2024.01.02"]

1. e4 e6 2. d4 d5 3. Nc3 Bb4 4. e5 c5 5. a3 Bxc3+ 6. bxc3 Ne7 7. h4 Qc7 8. h5
h6 9. Rh3 b6 10. a4 Ba6 11. Bb5+ Bxb5 12. axb5 a5 13. Qg4 Nd7 14. Ba3 O-O-O 15.
Ne2 Nf5 16. Qf4 g5 17. hxg6 fxg6 18. g4 g5 19. Qf3 Nh4 20. Qf7 Rde8 21. Qg7 Qd8
22. Qf7 h5 23. Rxh4 gxh4 24. gxh5 Qg5 25. dxc5 Re7 26. f4 Rxf7 27. fxg5 Rxh5
28. g6 Rg7 29. O-O-O bxc5 30. Rh1 h3 31. Nf4 Rh4 32. Nxe6 Rxg6 33. Nxc5 h2 34.
Nxd7 Rg1+ 35. Kb2 Rxh1 36. Nc5 Rc4 37. e6 Rxc5 38. Bxc5 Re1 0-1

[Event "53o Festival Citta' di Torino - Open A"]
[Site "Torino ITA"]
[Date "2024.01.06"]
[Round "7.4"]
[White "BIFULCO, Michel"]
[Black "YAO, Stefano"]
[Result "1/2-1/2"]
[WhiteElo "2251"]
[BlackElo "2306"]
[PlyCount "41"]
[EventDate "2024.01.02"]

1. e4 c5 2. Nf3 a6 3. g3 e6 4. Bg2 Nc6 5. O-O Qc7 6. c3 Nf6 7. Re1 Be7 8. d4
cxd4 9. cxd4 d5 10. e5 Ne4 11. Nbd2 Nxd2 12. Bxd2 O-O 13. Bf1 Qb6 14. Bc3 Bd7
15. Qd2 f6 16. exf6 Rxf6 17. Ne5 Nxe5 18. Rxe5 Raf8 19. f4 Bd6 20. Re3 Rc8 21.
Rae1 1/2-1/2

[Event "53o Festival Citta' di Torino - Open A"]
[Site "Torino ITA"]
[Date "2024.01.06"]
[Round "7.5"]
[White "Defromont, Benjamin"]
[Black "MADIAI, Federico"]
[Result "1-0"]
[WhiteElo "2423"]
[BlackElo "2172"]
[PlyCount "95"]
[EventDate "2024.01.02"]

1. e4 Nc6 2. Nf3 e5 3. c3 Nf6 4. d4 Nxe4 5. d5 Ne7 6. Nxe5 Ng6 7. Nxg6 hxg6 8.
Qe2 Qe7 9. Be3 Nf6 10. c4 Qe5 11. a3 Be7 12. Nc3 d6 13. O-O-O Bd7 14. Qd2 Qh5
15. Be2 Bg4 16. f3 Bd7 17. h4 Qh7 18. g4 b6 19. Bd3 Qg8 20. Rde1 O-O-O 21. Bxb6
axb6 22. Rxe7 Re8 23. Qe2 Kd8 24. Rxe8+ Qxe8 25. Kd2 Qxe2+ 26. Nxe2 g5 27. h5
g6 28. Ng3 gxh5 29. Nxh5 Ng8 30. Ng3 Rxh1 31. Nxh1 c6 32. dxc6 Bxc6 33. Ke3 Nf6
34. Ng3 d5 35. cxd5 Nxd5+ 36. Kd4 f6 37. Be4 Ne7 38. Nh5 Bxe4 39. Kxe4 Ng8 40.
b4 Ke7 41. a4 Nh6 42. Kd5 f5 43. gxf5 Nxf5 44. Kc6 Nd4+ 45. Kxb6 Nxf3 46. a5
Ne5 47. a6 Nc4+ 48. Kc5 1-0

[Event "53o Festival Citta' di Torino - Open A"]
[Site "Torino ITA"]
[Date "2024.01.06"]
[Round "7.6"]
[White "Lauda, Alexandr"]
[Black "MALDONADO GONZALES, Stefano"]
[Result "0-1"]
[WhiteElo "2182"]
[BlackElo "2166"]
[PlyCount "80"]
[EventDate "2024.01.02"]

1. e4 e5 2. Nf3 Nc6 3. Bc4 Bc5 4. O-O Nf6 5. d4 Bxd4 6. Nxd4 Nxd4 7. Bg5 h6 8.
Bh4 d6 9. f4 Bg4 10. Bxf6 Bxd1 11. Bxd8 Rxd8 12. Rxd1 Nxc2 13. Nc3 Nxa1 14.
Rxa1 exf4 15. Nd5 O-O 16. Bd3 c6 17. Nxf4 Rfe8 18. Kf2 g6 19. g4 Kg7 20. Kf3
Re5 21. Rd1 Rc5 22. a3 Kf6 23. Bb1 Rb5 24. Rd2 Ra5 25. Ba2 Re5 26. h4 Rc5 27.
Nd3 Ra5 28. Ke3 Kg7 29. Rc2 Re8 30. Kf3 f5 31. gxf5 gxf5 32. Rg2+ Kh8 33. exf5
Rxf5+ 34. Kg4 Ref8 35. Rd2 d5 36. Bb1 Rf1 37. Bc2 Rg1+ 38. Kh5 Rf5+ 39. Kxh6
Rf6+ 40. Kh5 Kg7 0-1

[Event "53o Festival Citta' di Torino - Open A"]
[Site "Torino ITA"]
[Date "2024.01.06"]
[Round "7.7"]
[White "Petritaj, Ferdinando"]
[Black "Lacan Rus, David"]
[Result "1/2-1/2"]
[WhiteElo "2176"]
[BlackElo "2121"]
[PlyCount "116"]
[EventDate "2024.01.02"]

1. d4 Nf6 2. c4 g6 3. Nc3 d5 4. cxd5 Nxd5 5. e4 Nxc3 6. bxc3 Bg7 7. Nf3 c5 8.
Rb1 O-O 9. Be2 cxd4 10. cxd4 Qa5+ 11. Bd2 Qxa2 12. O-O Bg4 13. Bg5 Nd7 14. Rxb7
Rfb8 15. Rxb8+ Rxb8 16. h3 Bxf3 17. Bxf3 Qa3 18. e5 a5 19. Qc1 Qb4 20. Qc7 Qxd4
21. Rd1 Qxe5 22. Bf4 Qxc7 23. Bxc7 Be5 24. Bxb8 Nxb8 25. Rd5 Bd6 26. Rxa5 Nd7
27. g3 Kg7 28. Kg2 h5 29. Be4 Kf6 30. Bc2 Ne5 31. Ra8 Kg7 32. f4 Nd7 33. Kf3
Nf6 34. Bb3 Nd7 35. Ra7 Nf6 36. Bc4 Kf8 37. Bd3 Kg7 38. Bb5 Kf8 39. Bc6 Kg7 40.
Ra5 Kf8 41. g4 hxg4+ 42. hxg4 Kg7 43. Ra1 Nh7 44. Be4 Nf6 45. Bc6 Nh7 46. Rh1
Nf6 47. Rh2 g5 48. fxg5 Bxh2 49. gxf6+ Kxf6 50. Be8 Kg7 51. Ke4 Kg6 52. Kf3 Bd6
53. Bd7 Kg5 54. Be8 f6 55. Bd7 Bf4 56. Be6 Bc1 57. Bd7 e5 58. Ke4 Bf4 1/2-1/2

[Event "53o Festival Citta' di Torino - Open A"]
[Site "Torino ITA"]
[Date "2024.01.06"]
[Round "7.8"]
[White "CAPPELLETTO, Joshuaede"]
[Black "FAVITTA, Amedeo"]
[Result "1-0"]
[WhiteElo "2320"]
[BlackElo "2075"]
[PlyCount "101"]
[EventDate "2024.01.02"]

1. e4 c6 2. d4 d5 3. e5 c5 4. dxc5 e6 5. a3 Bxc5 6. b4 Be7 7. Qg4 g6 8. Bd3 a5
9. b5 Nd7 10. Nf3 h5 11. Qf4 Nh6 12. O-O Ng4 13. h3 g5 14. Qg3 Ngxe5 15. Nxe5
Nxe5 16. Qxe5 Bf6 17. Qe2 Bxa1 18. c3 Qf6 19. Be3 Bxc3 20. Nxc3 Qxc3 21. Bxg5
Qg7 22. Bh4 e5 23. Re1 Bxh3 24. Qxe5+ Qxe5 25. Rxe5+ Be6 26. f4 Kd7 27. f5 Rag8
28. fxe6+ fxe6 29. Be2 Kd6 30. Re3 Rg6 31. Bg3+ Kd7 32. Be5 Rhg8 33. Bf3 h4 34.
Kh2 Rc8 35. Bc3 Rc4 36. Bxa5 d4 37. Re5 Kd6 38. Rh5 d3 39. Bb4+ Kd7 40. Rh7+
Kd8 41. Ba5+ Kc8 42. Bxb7+ Kb8 43. Bf3 Rg8 44. Rb7+ Kc8 45. Ra7 Rg3 46. Bc6
Rxc6 47. bxc6 Kb8 48. Rd7 Rg8 49. c7+ Kb7 50. Rd8 d2 51. c8=Q+ 1-0

[Event "53o Festival Citta' di Torino - Open A"]
[Site "Torino ITA"]
[Date "2024.01.06"]
[Round "7.9"]
[White "VAIRO, Rocco Enrico"]
[Black "Vela Frago, Alberto"]
[Result "0-1"]
[WhiteElo "2060"]
[BlackElo "2310"]
[PlyCount "84"]
[EventDate "2024.01.02"]

1. e4 e5 2. Nf3 Nc6 3. d4 exd4 4. Nxd4 Nf6 5. Nxc6 bxc6 6. e5 Qe7 7. Qe2 Nd5 8.
c4 Ba6 9. g3 f6 10. Bg2 Nb6 11. b3 Qxe5 12. Qxe5+ fxe5 13. Bb2 Bb4+ 14. Nd2 O-O
15. Rd1 d5 16. O-O dxc4 17. Nxc4 Bxc4 18. bxc4 Nxc4 19. Bc1 Rf6 20. Bg5 Rg6 21.
Rc1 Na5 22. Be3 Rd8 23. Rc2 Rgd6 24. Bf3 Rd3 25. Bxc6 Rc3 26. Rfc1 Nxc6 27.
Rxc3 Bxc3 28. Rxc3 Rd6 29. Kg2 Kf7 30. Kf3 Ke6 31. Bc5 Rd7 32. Ke4 a6 33. Be3
Nb4 34. Ra3 Rd5 35. Rc3 Kd6 36. a3 Nc6 37. h4 Ra5 38. Rd3+ Ke6 39. Rc3 Ra4+ 40.
Kd3 Kd5 41. Kc2 Rc4 42. Kd2 Nd4 0-1

[Event "53o Festival Citta' di Torino - Open A"]
[Site "Torino ITA"]
[Date "2024.01.06"]
[Round "7.10"]
[White "ROTONDARO, Alberto"]
[Black "Pasini, Nicolo"]
[Result "1/2-1/2"]
[WhiteElo "2056"]
[BlackElo "2193"]
[PlyCount "74"]
[EventDate "2024.01.02"]

1. d4 Nf6 2. c4 c5 3. d5 a6 4. a4 d6 5. Nc3 g6 6. e4 Bg7 7. Bd3 e5 8. h3 a5 9.
Nge2 Na6 10. Be3 Qe7 11. Qd2 Bd7 12. O-O-O O-O-O 13. g4 Nb4 14. Nb5 h5 15. f3
Ng8 16. Rdg1 b6 17. Bb1 Kb8 18. Nec3 Qf8 19. Qg2 Bc8 20. g5 Ne7 21. h4 f5 22.
Rf1 Qe8 23. Bd2 Rf8 24. Rf2 Qd7 25. Rhf1 Rf7 26. Qg1 Ba6 27. Qg2 Rdf8 28. Qh2
Bxb5 29. Nxb5 Na6 30. b3 fxe4 31. fxe4 Nc8 32. Qg2 Rxf2 33. Rxf2 Rxf2 34. Qxf2
Na7 35. Nxa7 Kxa7 36. Bd3 Nc7 37. Qf3 Kb7 1/2-1/2

[Event "53o Festival Citta' di Torino - Open A"]
[Site "Torino ITA"]
[Date "2024.01.06"]
[Round "7.11"]
[White "CENTAMORE, Alberto"]
[Black "PACINI, Ermanno"]
[Result "1-0"]
[WhiteElo "2127"]
[BlackElo "2122"]
[PlyCount "105"]
[EventDate "2024.01.02"]

1. d4 Nf6 2. c4 g6 3. Nf3 Bg7 4. g3 d6 5. Bg2 O-O 6. O-O Nc6 7. Nc3 Bf5 8. d5
Na5 9. Nd4 Bd7 10. b3 c5 11. dxc6 Nxc6 12. Nc2 Rc8 13. Bb2 Qa5 14. Nd5 Nxd5 15.
Bxg7 Nc3 16. Bxc3 Qxc3 17. Qd3 Qb2 18. Rfb1 Qg7 19. Ne3 Rfd8 20. Rc1 Qb2 21.
Qc2 Qe5 22. Qe4 Kg7 23. Qxe5+ dxe5 24. Kf1 f5 25. Nd5 e4 26. Rd1 Be6 27. Nc3
Nd4 28. e3 Nc2 29. Rac1 Nb4 30. f3 exf3 31. Bxf3 b6 32. Ke2 Bf7 33. a3 Rxd1 34.
Rxd1 Nc6 35. Bxc6 Rxc6 36. Rd7 a6 37. a4 Kf6 38. Ra7 a5 39. e4 e6 40. e5+ Kg7
41. Nb5 Kf8 42. Nd6 Bg8 43. Ra8+ Kg7 44. Rc8 Rxc8 45. Nxc8 Bf7 46. Nxb6 g5 47.
c5 Be8 48. Nc4 Kg6 49. Nxa5 f4 50. gxf4 gxf4 51. c6 Kg5 52. c7 Bd7 53. Nc4 1-0